Súčasný stav automatizácie v knižniciach a informačných strediskách

Bibliographic Details
Main Authors: Bako, Michal, 1924-2004 (Author), Kimlička, Štefan, 1943-2006 (Author), Vontorčík, Emil, 1935- (Author)
Format: Article
Language:Slovak
Subjects:

MARC

LEADER 00000nab a2200000 a 4500
001 vtls000082423
003 SK-MaSNL
005 20260305000633.0
008 111031c1981 xo 0 slo
015 |a SNBRA19rr/mm-uuuuu 
035 |a CL0092525 
040 |a SNKBUCL  |b slo  |c SNKBUCL  |e AACR2 
041 0 |a slo 
044 |a xo  |c SK 
080 |a 023.5:331.875(437)  |2 1981 
080 |a 331.875(437)  |2 1981 
080 |a 002.6  |2 1981 
080 |a 681.3(437)  |2 1981 
100 1 |a Bako, Michal,  |d 1924-2004  |4 aut  |9 210381 
245 1 0 |a Súčasný stav automatizácie v knižniciach a informačných strediskách  |c Michal Bako, Štefan Kimlička, Emil Vontorčík 
650 0 7 |a knižnice  |2 snkbucl  |9 17965 
650 0 7 |a informačné strediská  |2 snkbucl  |9 63914 
655 7 |a články zo zborníkov  |2 snkbucl  |9 166140 
655 7 |a články z odboru knihovníctvo  |2 snkbucl  |9 166141 
700 1 |a Kimlička, Štefan,  |d 1943-2006  |4 aut  |9 264216 
700 1 |a Vontorčík, Emil,  |d 1935-  |4 aut  |9 86469 
773 0 |t INFOS 81  |d Bratislava : ZSKI, 1981 
850 |a Slovenská národná knižnica v Martine  |a MTA001 
852 |a SNK  |b KIS3GCP 
958 |a RK 
958 |a KL 
992 |a RZB 
999 |c 3214839  |d 3216769